[Event "34th Oberwart Open A"]
[Site "Oberwart AUT"]
[Date "2012.07.14"]
[Round "8.18"]
[White "Gstach,Jakob"]
[Black "Menezes,Chr"]
[Result "0-1"]
[WhiteElo "2087"]
[BlackElo "2273"]

1.c4 e5 2.g3 Nf6 3.Bg2 h6 4.Nc3 Bb4 5.Qc2 O-O 6.Nf3 Re8 7.O-O c6 8.a3 Bf8
9.b4 d5 10.cxd5 cxd5 11.d4 exd4 12.Nxd4 Nc6 13.Nxc6 bxc6 14.Na4 a5 15.Rb1 axb4
16.axb4 Ba6 17.Nc3 Rb8 18.Qa4 Qb6 19.Be3 Rxe3 20.fxe3 Qxe3+ 21.Kh1 Bc4 22.Rf3 Qb6
23.Qc2 Bxb4 24.Rxf6 gxf6 25.Ne4 Qd4 26.Nc3 Bd6 27.Rxb8+ Bxb8 28.Qf5 Ba7 29.e3 Qxe3
30.Qg4+ Kh7  0-1

[Event "87th ch-Paris IdF Open"]
[Site "Paris FRA"]
[Date "2012.07.14"]
[Round "8.2"]
[White "Griffiths,R"]
[Black "Strikovic,A"]
[Result "0-1"]
[WhiteElo "2326"]
[BlackElo "2559"]

1.c4 e5 2.g3 d6 3.Bg2 g6 4.Nc3 Bg7 5.d3 f5 6.e4 Nf6 7.Nge2 O-O 8.O-O c6 9.exf5 Bxf5
10.d4 Qd7 11.dxe5 dxe5 12.Qxd7 Nbxd7 13.b3 Rfd8 14.h3 Nc5 15.Be3 Bf8 16.g4 Be6
17.Rfd1 a5 18.Ng3 Be7 19.g5 Rxd1+ 20.Rxd1 Nfd7 21.h4 Kf7 22.f4 exf4 23.Bxf4 Kg8
24.Re1 Bf8 25.Bf1 Bg4 26.Nge4 Re8 27.Bd2 Bf5 28.Nxc5 Bxc5+ 29.Kg2 Rxe1 30.Bxe1 Bb4
31.Bd2 Nc5 32.Kf3 Kf7 33.Ke3 Ke6 34.Ne2 Bxd2+ 35.Kxd2 Ke5 36.Ke3 Bd3 37.Ng3 Bb1
38.a3 Nxb3 39.Bh3 Nc5 40.h5 Bd3 41.h6 Bxc4  0-1

[Event "4th Rethymno Open"]
[Site "Rethymno GRE"]
[Date "2012.07.14"]
[Round "9.5"]
[White "Akshayraj,K"]
[Black "Volkov,Sergey1"]
[Result "1-0"]
[WhiteElo "2454"]
[BlackElo "2594"]

1.c4 e5 2.g3 g6 3.d4 Bg7 4.dxe5 Nc6 5.Nf3 Nxe5 6.Nxe5 Bxe5 7.Nc3 d6 8.Bg2 Ne7
9.O-O O-O 10.Bg5 c6 11.Qd3 f6 12.Bd2 Be6 13.f4 Bxc3 14.Bxc3 d5 15.Rad1 dxc4
16.Qe3 Bd5 17.Qf2 Qc7 18.e4 Be6 19.h3 h5 20.Kh2 b6 21.e5 Nd5 22.Bxd5 Bxd5
23.exf6 Rae8 24.Rfe1 Kf7 25.Re5 Rxe5 26.fxe5 Qc8 27.e6+ Bxe6 28.Qf4 Rh8 29.Re1 Rh7
30.Qd6 Qd7 31.Qxd7+ Bxd7 32.Re7+ Kg8 33.Rxh7 Kxh7 34.f7  1-0

[Event "16th Godesburg Open"]
[Site "Bad Godesberg GER"]
[Date "2012.07.15"]
[Round "9.2"]
[White "Rotstein,A"]
[Black "Koenig,Ch"]
[Result "1-0"]
[WhiteElo "2510"]
[BlackElo "2104"]

1.g3 e5 2.c4 Nc6 3.Bg2 g6 4.Nc3 Bg7 5.Rb1 d6 6.b4 Bf5 7.d3 Qd7 8.b5 Nd8 9.Bg5 f6
10.Bd2 Ne7 11.Nd5 c6 12.bxc6 bxc6 13.Nxe7 Kxe7 14.Qa4 Be6 15.e3 Rc8 16.Ne2 h5
17.h4 Bg4 18.Nc3 Ne6 19.O-O Nc5 20.Qc2 Bf5 21.e4 Be6 22.Be3 Rb8 23.Na4 Nxa4
24.Qxa4 c5 25.Qa5 Rb7 26.f4 Bh6 27.Qd2 Bg7 28.fxe5 dxe5 29.Bxc5+ Kf7 30.Rxb7 Qxb7
31.Bd6  1-0

[Event "Corporation Centre Cup A"]
[Site "Izhevsk RUS"]
[Date "2012.07.15"]
[Round "1"]
[White "Shomoev,A"]
[Black "Vostrikov,A"]
[Result "1-0"]
[WhiteElo "2582"]
[BlackElo "2206"]

1.c4 e5 2.g3 Nc6 3.Bg2 Nf6 4.Nc3 Be7 5.Nf3 O-O 6.O-O d6 7.d4 Bg4 8.d5 Bxf3
9.Bxf3 Na5 10.Qd3 b6 11.b4 Nb7 12.a3 Qd7 13.Bg2 a5 14.Bb2 Rfe8 15.e4 Nh5
16.Bf3 Nf6 17.Bd1 axb4 18.axb4 Rxa1 19.Bxa1 Ra8 20.Bb2 Nd8 21.Kg2 h5 22.f4 exf4
23.gxf4 c5 24.bxc5 bxc5 25.e5 Ng4 26.h3 Nh6 27.Bxh5 Qf5 28.Qe2 Nb7 29.Bg4 Qh7
30.Ra1 Rxa1 31.Bxa1 Nf5 32.Qe4 Nd4 33.Qxh7+ Kxh7 34.Nb5 Nxb5 35.cxb5 Bd8
36.Kf3 Kg6 37.Ke4 Bc7 38.Bd7 dxe5 39.fxe5 f6 40.d6 Bd8 41.Bc6 Na5 42.e6  1-0

[Event "Corporation Centre Cup A"]
[Site "Izhevsk RUS"]
[Date "2012.07.15"]
[Round "1"]
[White "Balashov,Y"]
[Black "Ermolaev,E"]
[Result "1-0"]
[WhiteElo "2446"]
[BlackElo "2116"]

1.c4 e5 2.g3 Nc6 3.Bg2 f5 4.Nc3 Nf6 5.d3 Bb4 6.Bd2 O-O 7.Nd5 Bxd2+ 8.Qxd2 a5
9.e3 d6 10.Ne2 Ne7 11.Nxf6+ Rxf6 12.d4 Be6 13.Qc3 e4 14.Nf4 d5 15.Bf1 g5
16.Nxe6 Rxe6 17.Be2 Qd7 18.h4 Rh6 19.O-O-O g4 20.Kb1 c6 21.Rc1 Kf8 22.Qa3 dxc4
23.Rxc4 Qd6 24.Qxd6 Rxd6 25.Rhc1 Ke8 26.Rc5 Kd7 27.a3 Nd5 28.Bd1 b6 29.R5c4 b5
30.Rc5 a4 31.Ka2 Ra5 32.b3 axb3+ 33.Kxb3 Ra6 34.Kb2 Rb6 35.Bb3 Ne7 36.Ra1 Ra6
37.a4 bxa4 38.Rxa4 Rxa4 39.Bxa4 Kc7 40.Re5 Kd7 41.Bb3 Rf6 42.Kc3 Kd6 43.Kb4 h5
44.Ra5 Rf8 45.Kc3 Rh8 46.Re5 Rh6 47.Bf7 Kd7 48.Ra5 Rh8 49.Kd2 Kd6 50.Re5 Rh6
51.Kc2 Rf6 52.Bc4 Rh6 53.Kc3 Rf6 54.Kb4 Rh6 55.Ka5 Rf6 56.Ka4 Rh6 57.Kb4 Rf6
58.Ka5 Rh6 59.Kb6 Rf6 60.Kb7 Rh6 61.Bf7 Rf6 62.Bxh5 Rf8 63.Ra5 Rh8 64.Bf7 Rh7
65.Bc4 Nd5+ 66.Ka6 Nb4+ 67.Kb6 Rh8 68.Rxf5 Rb8+ 69.Ka7 Rd8 70.h5 Rd7+ 71.Kb6  1-0

[Event "III Maravilhosa Open 2012"]
[Site "Laranjeiras BRA"]
[Date "2012.07.15"]
[Round "5.5"]
[White "Rezende,Guilherme Vilela"]
[Black "Zallio,L"]
[Result "1-0"]
[WhiteElo "2049"]
[BlackElo "2138"]

1.c4 e5 2.g3 Nc6 3.Bg2 d6 4.Nc3 f5 5.e3 Nf6 6.Nge2 Be7 7.O-O O-O 8.d3 Qe8
9.Rb1 a5 10.a3 Qh5 11.b4 axb4 12.axb4 Ng4 13.h3 Nf6 14.b5 Nb8 15.Nd5 Nxd5
16.Bxd5+ Kh8 17.f4 Qxh3 18.Rf2 Nd7 19.Bf3 Qh6 20.Rh2 Qg6 21.Bh5 Qe6 22.Nc3 Bd8
23.e4 fxe4 24.Nxe4 c6 25.f5 Qxf5 26.Nxd6 Bb6+ 27.Kh1 Qf1+ 28.Qxf1 Rxf1+ 29.Kg2 Rg1+
30.Kf3 e4+ 31.Nxe4 Ne5+ 32.Ke2 Bd4 33.bxc6 bxc6 34.Rh4 g6 35.Bf3 h5 36.Nd2 Nxf3
37.Nxf3 c5 38.Bb2 Bxb2  1-0

[Event "6th Varna Open"]
[Site "Varna BUL"]
[Date "2012.07.16"]
[Round "5.6"]
[White "Banov,B"]
[Black "Panbukchian,V"]
[Result "1/2-1/2"]
[WhiteElo "2184"]
[BlackElo "2347"]

1.c4 e5 2.g3 Nc6 3.Bg2 g6 4.Nc3 Bg7 5.d3 d6 6.Nd5 Be6 7.Rb1 Qd7 8.b4 Nd8
9.b5 c6 10.bxc6 bxc6 11.Nc3 f5 12.Qc2 Ne7 13.Nf3 h6 14.O-O O-O 15.Ba3 g5
16.Nd2 h5 17.e3 Ng6 18.d4 Rc8 19.Ne2 Re8 20.dxe5 dxe5 21.Rfd1 Qf7 22.Bc5 g4
23.Qa4 Rc7 24.Rb8 Bf6 25.Ra8 Nb7 26.Rxe8+ Qxe8 27.Bxa7 Qa8 28.Bxc6 Nc5 29.Bxc5 Qxc6
30.Qxc6 Rxc6 31.Bb4 Bxc4 32.Nxc4 Rxc4 33.a3 Rc2 34.Rd2 Rc4 35.Kg2 h4 36.h3 hxg3
37.fxg3 gxh3+ 38.Kxh3 Bg5 39.Rd3 Rc2 40.Rd2 Rc7 41.Rd3 Kf7 42.Nc3 e4 43.Rd5 Kf6
44.Rd6+ Kg7 45.Rd5 Kf6 46.Rd6+ Kg7 47.Rd5  1/2-1/2

[Event "ch-PHI Grand Final 2012"]
[Site "Boracay PHI"]
[Date "2012.07.17"]
[Round "4.6"]
[White "Senador,E"]
[Black "Paragua,M"]
[Result "0-1"]
[WhiteElo "2353"]
[BlackElo "2508"]

1.c4 e5 2.g3 Nf6 3.Bg2 d5 4.cxd5 Nxd5 5.Nc3 Nb6 6.Nf3 Nc6 7.O-O Be7 8.b3 O-O
9.Bb2 f5 10.d3 Be6 11.Rc1 Bf6 12.Qc2 Qd7 13.Qb1 Rad8 14.Rfd1 Qf7 15.Nb5 a6
16.Na3 Rd7 17.Rxc6 bxc6 18.Nxe5 Bxe5 19.Bxe5 Bd5 20.Bf1 Re7 21.Qb2 f4 22.f3 fxg3
23.Bxg3 Be6 24.Nc4 Nd5 25.Qd2 Bc8 26.Bg2 c5 27.Ne5 Qf6 28.Nc4 h5 29.e4 h4
30.e5 Qg6 31.Bxh4 Ref7 32.Qg5 Qh7 33.Bg3 Rf5 34.Qh4 Qxh4 35.Bxh4 Nf4 36.Bh1 Bb7
37.Kf1 Ne6 38.Bg3 Nd4 39.Nd2 Rd8 40.Rc1 Ne6 41.Ke2 g5 42.Ne4 Bxe4 43.fxe4 Rf7
44.Ke3 Rfd7 45.Rc3 c4 46.dxc4 Rd2 47.Bf3 Rxa2 48.c5 a5 49.Be2 Kf7 50.Bc4 Ke7
51.Bd5 Rf8 52.Rc1 Ra3 53.Be1 c6 54.Bc4 Nxc5 55.Kd4 Nxb3+ 56.Bxb3 Rxb3 57.Rxc6 Ra8
58.Bd2 g4 59.Kc5 a4 60.Bg5+ Kf7 61.e6+ Kg6 62.Bd2 a3 63.Kc4 a2 64.Kxb3 a1=Q
65.Bc3 Qa4+  0-1

[Event "ch-SUI Hauptturnier 1 2012"]
[Site "Flims SUI"]
[Date "2012.07.17"]
[Round "6"]
[White "Cebalo,M"]
[Black "Hugentobler,P"]
[Result "1-0"]
[WhiteElo "2416"]
[BlackElo "2233"]

1.c4 e5 2.g3 Nf6 3.Bg2 d5 4.cxd5 Nxd5 5.Nc3 Nb6 6.Nf3 Nc6 7.O-O Be7 8.a3 O-O
9.b4 Be6 10.Rb1 f6 11.d3 Nd4 12.Nd2 c6 13.Nde4 Bf7 14.Nc5 Qc7 15.e3 Ne6 16.Nxe6 Bxe6
17.Qc2 Rfd8 18.Rd1 Bf8 19.Bb2 a5 20.Ne4 axb4 21.axb4 Nd5 22.Bc3 Nxc3 23.Qxc3 Qb6
24.Nc5 Bf7 25.Bh3 Bxc5 26.bxc5 Qc7 27.Rb4 Ra7 28.Rdb1 Qe7 29.d4 e4 30.Ra1 Rda8
31.Rxa7 Rxa7 32.Qb2 Qc7 33.Qb1 Bg6 34.Be6+ Kf8 35.Kg2 Ke7 36.Qb3 Bh5 37.g4 Be8
38.Bf5 Bd7 39.Qg8  1-0

[Event "11th Condom Open A"]
[Site "Condom FRA"]
[Date "2012.07.18"]
[Round "6.2"]
[White "Dgebuadze,A"]
[Black "Karpatchev,A"]
[Result "1/2-1/2"]
[WhiteElo "2563"]
[BlackElo "2431"]

1.c4 e5 2.g3 Nf6 3.Bg2 d5 4.cxd5 Nxd5 5.Nc3 Nb6 6.a3 Be7 7.e3 O-O 8.Nge2 N8d7
9.O-O Nf6 10.d4 exd4 11.Nxd4 c6 12.Qc2 Nfd5 13.Rd1 Nxc3 14.bxc3 Bg4 15.f3 Bd7
16.e4 Qc8 17.a4 c5 18.Nf5 Bxf5 19.exf5 c4 20.Kh1 Rd8 21.Be3 Nd5 22.Bd4 Bc5
23.Rab1 Bxd4 24.Rxd4 Ne3 25.Qd2 Rxd4 26.Qxd4 Nxf5 27.Qe5 Qd7 28.Bh3 g6 29.Bxf5 gxf5
30.Qf6  1/2-1/2

[Event "ch-SUI Hauptturnier 1 2012"]
[Site "Flims SUI"]
[Date "2012.07.19"]
[Round "8"]
[White "Cebalo,M"]
[Black "Raetsky,A"]
[Result "1-0"]
[WhiteElo "2416"]
[BlackElo "2449"]

1.c4 e5 2.g3 c6 3.d4 e4 4.Nc3 d5 5.Bg2 Nf6 6.cxd5 cxd5 7.Bg5 Bb4 8.Rc1 O-O
9.Nh3 Nbd7 10.O-O h6 11.Nxd5 hxg5 12.Nxb4 a5 13.Nc2 g4 14.Ng5 Re8 15.Ne3 a4
16.Qc2 Ra5 17.Nxe4 Nxe4 18.Bxe4 Nf6 19.Bg2 Qxd4 20.Rfd1 Qa7 21.Qc7 a3 22.b3 Rae5
23.Rd8 Rxd8 24.Qxd8+ Re8 25.Qd6 Be6 26.Qb4 b6 27.Rc6 Rd8 28.Rxb6 Qc7 29.Rc6 Qe5
30.Qxa3 Rd2 31.Rc2 Rxc2 32.Nxc2 Qxe2 33.Qc1 Ne4 34.Qe1 Qxc2 35.Bxe4 Qxa2
36.b4 Qa4 37.Qb1 Bd7 38.Bd3 Qc6 39.b5 Qb6 40.Qc2 g6 41.Bc4 Qd6 42.Qd3 Qe7
43.Qxg6+ Kf8 44.Qh6+ Kg8 45.Bd3 Qe1+ 46.Kg2 Be6 47.Bh7+ Kh8 48.Bf5+ Kg8 49.Qg5+ Kf8
50.Qd8+ Kg7 51.Qd4+ Kf8 52.Bxg4  1-0

[Event "ch-PHI Grand Final 2012"]
[Site "Boracay PHI"]
[Date "2012.07.20"]
[Round "8.5"]
[White "Sadorra,J"]
[Black "Bitoon,R"]
[Result "1/2-1/2"]
[WhiteElo "2525"]
[BlackElo "2442"]

1.c4 e5 2.g3 f5 3.Bg2 Nf6 4.Nf3 Nc6 5.d4 e4 6.Ng5 g6 7.f3 Bg7 8.fxe4 Nxe4
9.Bxe4 fxe4 10.O-O Qe7 11.Rf7 Bxd4+ 12.Kg2 Qc5 13.Nc3 Bxc3 14.bxc3 Ne5 15.Qf1 Qxc4
16.Rxh7 Rf8 17.Bf4 d6 18.Qd1 Bg4 19.Bxe5 dxe5 20.Qd2 Rd8 21.Qe3 Bxe2 22.Qxa7 Bf3+
23.Kh3 Qe2 24.Rg1 Bg4+ 25.Kh4 Bd7 26.h3 e3 27.Qc5 Rf4+ 28.gxf4 Qf2+ 29.Rg3 Qxf4+
30.Rg4 Qf2+ 31.Rg3 Qf4+  1/2-1/2

[Event "23rd Czech Open A"]
[Site "Pardubice CZE"]
[Date "2012.07.20"]
[Round "1.54"]
[White "Mueer,S"]
[Black "Simacek,P"]
[Result "0-1"]
[WhiteElo "2236"]
[BlackElo "2478"]

1.c4 e5 2.g3 Nc6 3.Nc3 g6 4.Bg2 Bg7 5.e4 d6 6.Nge2 h5 7.h4 Nh6 8.d3 Be6 9.Nd5 O-O
10.O-O Kh7 11.Rb1 f5 12.Bg5 Qd7 13.b4 Rae8 14.b5 Nd8 15.Qa4 c6 16.Ndc3 f4
17.f3 Nhf7 18.gxf4 exf4 19.Bxf4 Bxc3 20.Nxc3 Ne5 21.bxc6 Ndxc6 22.Bg3 Nxd3
23.Nd5 Nc5 24.Qb5 a6 25.Qb2 Bxd5 26.cxd5 Ne5 27.Qd4 Qg7 28.Bxe5 Rxe5 29.f4 Re7
30.e5 Nd7 31.Rxb7 dxe5 32.Qa7 Ref7 33.Bh3 Nf6 34.fxe5 Rxb7 35.exf6 Rxa7  0-1

[Event "23rd Czech Open A"]
[Site "Pardubice CZE"]
[Date "2012.07.20"]
[Round "1.91"]
[White "Talla,V"]
[Black "Baraeva,I"]
[Result "0-1"]
[WhiteElo "2388"]
[BlackElo "2151"]

1.c4 e5 2.g3 Nf6 3.Bg2 d5 4.cxd5 Nxd5 5.Nc3 Nb6 6.Nf3 Nc6 7.O-O Be7 8.a3 a5
9.d3 Be6 10.Be3 Nd5 11.Nxd5 Bxd5 12.Qa4 O-O 13.Rac1 Bd6 14.Nd2 Bxg2 15.Kxg2 Ne7
16.Qb3 b6 17.Bg5 Kh8 18.Bxe7 Qxe7 19.Rc6 f5 20.Rfc1 Bc5 21.Re6 Qd7 22.Nf3 f4
23.Rxe5 fxg3 24.hxg3 Bxf2 25.Rh1 Bc5 26.d4 Bd6 27.Reh5 h6 28.e4 Qg4 29.e5 Be7
30.Qe3 Kg8 31.Ng5 Bxg5  0-1

[Event "23rd Czech Open A"]
[Site "Pardubice CZE"]
[Date "2012.07.21"]
[Round "2.46"]
[White "Mueller,To"]
[Black "Malakhov,I"]
[Result "1/2-1/2"]
[WhiteElo "2064"]
[BlackElo "2442"]

1.c4 e5 2.g3 Nf6 3.Bg2 c6 4.d4 exd4 5.Qxd4 d5 6.Nf3 Be6 7.cxd5 cxd5 8.Qa4+ Nc6
9.O-O Bc5 10.Bg5 h6 11.Bxf6 Qxf6 12.Qb5 Bb6 13.Nc3 O-O 14.Na4 Nd4 15.Nxd4 Bxd4
16.e3 a6 17.Qxb7 Rfb8 18.Qc6 Rc8 19.Qd6 Be5 20.Qa3 Rab8 21.Rad1 Bxb2 22.Nxb2 Rxb2
23.Rb1 Rxb1 24.Rxb1 Rc2 25.Rf1 Bd7 26.Qd3 Rb2 27.Qd4 Qxd4 28.exd4 Bb5 29.Rc1 Bc4
30.Bf1 Bxa2 31.Bxa6 Rd2 32.Ra1 Kf8 33.Kf1 Bc4+ 34.Bxc4 dxc4 35.Rc1 Rxd4 36.Ke2 f5
37.Ke3 Re4+ 38.Kd2 f4 39.f3 Rd4+ 40.Kc3 Rd3+ 41.Kxc4 Rxf3 42.gxf4 Rxf4+ 43.Kd3 Rf2
44.Rh1 Kf7 45.Ke3 Rf6 46.Rg1 Rf5 47.Rg4 Kf6 48.Rg2 g5 49.h4 Kg6 50.hxg5 hxg5
51.Rf2 Ra5 52.Kf3 Ra1 53.Kg2 Kh5 54.Rb2 Ra4 55.Rb8 Kh4 56.Rb2 Rg4+ 57.Kh2 Rc4
58.Kg2 Kg4 59.Rf2 Rc3 60.Ra2 Rg3+ 61.Kh2 Re3 62.Kg2 Re4 63.Rb2 Rd4 64.Rf2 Rc4
65.Ra2 Kf4 66.Rf2+ Ke3 67.Kg3 Rc1 68.Rf5 Rg1+ 69.Kh2  1/2-1/2

[Event "ch-AUT 2012"]
[Site "Zwettl AUT"]
[Date "2012.07.21"]
[Round "1.10"]
[White "Schneider Zinner,H"]
[Black "Weilguni,Johann"]
[Result "1/2-1/2"]
[WhiteElo "2377"]
[BlackElo "2167"]

1.c4 e5 2.g3 Nc6 3.Bg2 g6 4.Nc3 Bg7 5.e4 Nf6 6.Nge2 d6 7.d3 O-O 8.O-O Be6
9.Nd5 Ne7 10.Bg5 Nfxd5 11.cxd5 Bd7 12.Qd2 c5 13.dxc6 Bxc6 14.d4 Bb5 15.Rfe1 Bxe2
16.Rxe2 exd4 17.Bh3 Re8 18.Rd1 Qb6 19.Bd7 Red8 20.Ba4 f6 21.Bh6 Nc6 22.Bxg7 Kxg7
23.Bxc6 bxc6 24.Qxd4 Qxd4 25.Rxd4 Rd7 26.Rc2 Rc8 27.Kg2 Kf7 28.Kf3 Ke6 29.Rdc4 Rdc7
30.g4 Ke5 31.h4 h6 32.Ke3 g5 33.f3 c5 34.Rd2 Rb8 35.Rc3 Rb4 36.Ra3 Rcb7 37.b3 Rc7
38.Ra6 Rb6 39.Ra4 Rbc6 40.Rc4 Rb6 41.Rd5+ Ke6 42.f4 Rg7 43.Kf3 a5 44.Rc3 gxf4
45.Kxf4 a4 46.bxa4 Ra7 47.Rh5 Rxa4 48.Rxh6 Rbb4 49.g5 Rxe4+ 50.Kg3 Rg4+ 51.Kh3 Rgf4
52.g6 f5 53.Rg3 Rg4 54.h5 Rh4+ 55.Kg2  1/2-1/2

[Event "23rd Czech Open A"]
[Site "Pardubice CZE"]
[Date "2012.07.22"]
[Round "3.48"]
[White "Gagare,Shar"]
[Black "Lintchevski,D"]
[Result "1/2-1/2"]
[WhiteElo "2287"]
[BlackElo "2563"]

1.c4 e5 2.g3 Nf6 3.Bg2 d5 4.cxd5 Nxd5 5.Nc3 Nb6 6.Nf3 Nc6 7.O-O Be7 8.a3 O-O
9.b4 Be6 10.Rb1 f6 11.d3 Nd4 12.Nd2 c6 13.e3 Nb5 14.Qc2 Nxc3 15.Qxc3 Qd7
16.Ne4 Nd5 17.Qb2 Bh3 18.Nc5 Bxc5 19.Bxh3 Qxh3 20.bxc5 Rab8 21.e4 Nc7 22.d4 exd4
23.Bf4 Rf7 24.Qa2 Qd7 25.Rfd1 b6 26.Bxc7 Qxc7 27.Rxd4 g6 28.cxb6 axb6 29.Rbd1 Kf8
30.Rd6 Re8 31.Qc4 c5 32.Qb5 Qa7 33.Qxb6 Qxb6 34.Rxb6 Rxe4 35.Rc6 Ra4 36.Rd3 Rc4
37.Rd5 Ra4 38.Rdxc5 Rxa3 39.h4 Kg7  1/2-1/2

[Event "23rd Czech Open A"]
[Site "Pardubice CZE"]
[Date "2012.07.22"]
[Round "3.89"]
[White "Talla,V"]
[Black "Didenko,Sergei"]
[Result "1-0"]
[WhiteElo "2388"]
[BlackElo "2233"]

1.c4 e5 2.g3 Nf6 3.Bg2 d5 4.cxd5 Nxd5 5.Nc3 Nb6 6.Nf3 Nc6 7.O-O Be7 8.a3 a5
9.d3 Be6 10.Be3 Nd5 11.Nxd5 Bxd5 12.Qa4 O-O 13.Rac1 f6 14.Bc5 Kh8 15.Rfe1 b6
16.Bxe7 Nxe7 17.e4 Bb7 18.d4 exd4 19.Nxd4 Qc8 20.Nb5 c5 21.Rcd1 Bc6 22.Qc4 Bxb5
23.Qxb5 Rb8 24.Rd6 Qc7 25.e5 Nf5 26.Rd7 Nd4 27.Qa4 Qc8 28.e6 Re8 29.Bd5 b5
30.Qxa5 Nxe6 31.Qa7 Nc7 32.Rxe8+ Nxe8 33.Rf7 h5 34.Rf8+ Kh7 35.Be4+ Kh6 36.Rh8+ Kg5
37.f4+ Kg4 38.Kg2  1-0

[Event "ch-AUT 2012"]
[Site "Zwettl AUT"]
[Date "2012.07.23"]
[Round "3.26"]
[White "Wagner,Stef AUT"]
[Black "Kropik,M"]
[Result "0-1"]
[WhiteElo "2208"]
[BlackElo "2129"]

1.c4 e5 2.g3 Nc6 3.Bg2 f5 4.Nc3 Nf6 5.d3 Bb4 6.e3 Bxc3+ 7.bxc3 d6 8.Ne2 O-O
9.O-O Qe8 10.f4 e4 11.Nd4 Bd7 12.Nxc6 Bxc6 13.d4 Ba4 14.Qe2 c5 15.Ba3 b6
16.h3 h5 17.Kf2 Rc8 18.Rg1 Qf7 19.Bf1 Rfd8 20.Rc1 d5 21.dxc5 bxc5 22.cxd5 c4
23.d6 Ne8 24.Qd2 Nxd6 25.Bxd6 Rc6 26.Qd4 Rdxd6 27.Qe5 Rd2+ 28.Be2 Qd7 29.Qb8+ Rc8
30.Qb1 Qd8 31.Ke1 Rb8 32.Bxc4+ Kh7 33.Bb3 Rxb3 34.Qa1 Rbb2  0-1

[Event "23rd Czech Open A"]
[Site "Pardubice CZE"]
[Date "2012.07.25"]
[Round "6.79"]
[White "Mueller,To"]
[Black "Tjurin,A"]
[Result "0-1"]
[WhiteElo "2064"]
[BlackElo "2302"]

1.c4 e5 2.g3 Nf6 3.Bg2 d5 4.cxd5 Nxd5 5.Nc3 Nb6 6.Nf3 Nc6 7.d3 Be7 8.O-O O-O
9.a3 Re8 10.b4 a5 11.b5 Nd4 12.Bb2 Bf8 13.Re1 a4 14.Nd2 c6 15.bxc6 Nxc6 16.Rc1 Be6
17.Nce4 Bd5 18.Nc4 Nd4 19.Bxd4 exd4 20.Nxb6 Bb3 21.Qd2 Qxb6 22.Qb2 Ra5 23.Nd2 Rb5
24.Qa1 Bd5 25.Nc4 Qf6 26.Rb1 Rxb1 27.Qxb1 Bxg2 28.Kxg2 Qc6+ 29.Kg1 b5 30.Nd2 Bxa3
31.Nf3 Qd5 32.Qc2 Bb4 33.Rb1 Bc3 34.e4 dxe3 35.Qxc3 Qxf3 36.fxe3 Qxe3+ 37.Kg2 h6
38.Rxb5 Qe2+ 39.Kh3 Qf1+ 40.Kg4 Re6 41.Qc8+ Kh7 42.Rf5 Qxd3 43.Rf4 a3  0-1

[Event "23rd Czech Open A"]
[Site "Pardubice CZE"]
[Date "2012.07.27"]
[Round "8.10"]
[White "Lintchevski,D"]
[Black "Gavrilov,Al1"]
[Result "1/2-1/2"]
[WhiteElo "2563"]
[BlackElo "2498"]

1.c4 e5 2.g3 Nf6 3.Bg2 c6 4.a3 d5 5.cxd5 cxd5 6.d4 exd4 7.Nf3 Bc5 8.O-O Nc6
9.b4 Bb6 10.Bb2 O-O 11.Nxd4 Re8 12.Nxc6 bxc6 13.Nc3 Ba6 14.b5 Bxb5 15.Nxb5 cxb5
16.Bxf6 Qxf6 17.Qxd5 Bxf2+ 18.Kh1 Rad8 19.Qxb5 Qb6 20.Qc4 Qd4 21.Qc2 Qc5
22.Qa2 Re6 23.Rac1 Qg5 24.Rc7 Rf6 25.Qc4 g6 26.Rb7 Kg7 27.Rb5 Qh6 28.Rb7 Bxg3
29.Rxf7+ Kh8 30.h3 Rxf1+ 31.Bxf1 Qg5 32.Qg4 Qe5 33.Qf3 Qd6 34.Rxa7 Rf8 35.Ra8 Rxa8
36.Qxa8+ Kg7 37.Qb7+ Kh6 38.Qf3 Be5 39.Qe3+ Bf4 40.Qe4 Bd2 41.Kg2 Ba5 42.Qd3 Qe5
43.e3 Bc7 44.Kf2 Qf6+ 45.Ke2 Qb2+ 46.Kf3 Qf6+ 47.Ke2 Qb2+ 48.Kf3 Qf6+ 49.Ke2  1/2-1/2

[Event "23rd Czech Open A"]
[Site "Pardubice CZE"]
[Date "2012.07.27"]
[Round "8.11"]
[White "Piorun,K"]
[Black "Arutinian,D"]
[Result "1/2-1/2"]
[WhiteElo "2489"]
[BlackElo "2556"]

1.c4 e5 2.g3 Nf6 3.Bg2 d5 4.cxd5 Nxd5 5.Nc3 Nb6 6.e3 g6 7.Nge2 Bg7 8.O-O O-O
9.f4 exf4 10.Nxf4 c6 11.b3 Re8 12.Bb2 N8d7 13.Qc2 Nf6 14.Rae1 a5 15.Na4 Bf5
16.Qc1 Nxa4 17.bxa4 Be4 18.Qa1 Bxg2 19.Nxg2 Re6 20.Re2 Ne8 21.Ref2 Re7 22.e4 Bxb2
23.Qxb2 Qd3 24.Ne3 Rd8 25.Ng4 Qd4 26.Qxd4 Rxd4 27.Rxf7 Rxf7 28.Nh6+ Kg7 29.Nxf7 Rxe4
30.Ng5 Re7 31.Rc1 Re5 32.Nf3 Re4 33.d4 Re3 34.Ne5 Ra3 35.Rb1 Nd6 36.d5 Rxa4
37.dxc6 bxc6 38.Rd1 Ne4 39.Rd7+ Kf6 40.Nxc6 Rxa2 41.Rxh7 a4 42.Ra7 a3 43.Ra5 Nd2
44.Nb4 Nf3+ 45.Kf1 Nxh2+ 46.Ke1 Nf3+ 47.Kd1 Ra1+ 48.Kc2 Nd4+ 49.Kd3 Ne6 50.Nc2 Rg1
51.Rxa3 Rxg3+ 52.Ke4 Rg4+ 53.Kf3 Rc4 54.Ne3 Nd4+ 55.Ke4 Nb5+  1/2-1/2

[Event "ch-AUT 2012"]
[Site "Zwettl AUT"]
[Date "2012.07.27"]
[Round "7.21"]
[White "Titz,Hei"]
[Black "Woeber,F"]
[Result "0-1"]
[WhiteElo "2191"]
[BlackElo "2183"]

1.c4 e5 2.g3 Nf6 3.Bg2 c6 4.Nf3 e4 5.Nd4 d5 6.cxd5 Qb6 7.Nb3 a5 8.d4 cxd5
9.a4 Nc6 10.Nc3 Be7 11.O-O O-O 12.Bg5 Rd8 13.Nb5 Bf5 14.Qd2 Rac8 15.Rfc1 h6
16.Bf4 g5 17.Be3 Ng4 18.Nc5 Bg6 19.Bh3 Nxe3 20.fxe3 f5 21.Rf1 g4 22.Bg2 Nb4
23.Rac1 Rc6 24.Nb3 Rc4 25.Na3 Na2 26.Nxc4 dxc4 27.Na1 Nxc1 28.Qxc1 Qb4 29.Qc2 Bg5
30.Kf2 Bf7 31.h3 h5 32.hxg4 hxg4 33.Rh1 Re8 34.Qc3 Re6 35.Qc2 Be8 36.b3 Rc6
37.d5 cxb3 38.Qxb3 Rc3 39.Qd1  0-1

[Event "23rd Czech Open A"]
[Site "Pardubice CZE"]
[Date "2012.07.28"]
[Round "9.1"]
[White "Danin,A"]
[Black "Sandipan,C"]
[Result "1/2-1/2"]
[WhiteElo "2525"]
[BlackElo "2618"]

1.c4 e5 2.g3 Nf6 3.Bg2 d5 4.cxd5 Nxd5 5.Nc3 Nb6 6.e3 Nc6 7.Nge2 Be7 8.O-O h5
9.f4 h4 10.fxe5 Nxe5 11.d4 Ng4 12.h3 Nf6 13.g4 c5 14.Nf4 g5 15.Nd3 cxd4 16.exd4 Qxd4+
17.Nf2 Qxd1 18.Rxd1 Be6 19.Bxb7 Rb8 20.Bc6+ Nfd7 21.Nfe4 f6 22.Nb5 Kf7 23.Ned6+ Bxd6
24.Nxd6+ Kg7 25.b3 Ne5 26.Bg2 Rhd8 27.Bb2 Nd5 28.Nf5+ Bxf5 29.Rxd5 Rxd5 30.Bxd5 Rd8
31.Bg2 Bg6 32.Re1 Rd2 33.Bxe5 fxe5 34.Rxe5 Rxa2 35.Rxg5 Ra1+ 36.Kf2 Ra2+
37.Kg1 Ra1+ 38.Kf2 Ra2+ 39.Kg1  1/2-1/2

[Event "TCh-CRC Premier 2012"]
[Site "San Jose CRC"]
[Date "2012.07.28"]
[Round "7.4"]
[White "Castillo Trujillo,I"]
[Black "Zumbado Gutierrez,Marco A."]
[Result "1/2-1/2"]
[WhiteElo "2057"]
[BlackElo "2042"]

1.c4 e5 2.g3 Nf6 3.Bg2 d5 4.cxd5 Nxd5 5.Nc3 Nb6 6.Nf3 Nc6 7.O-O Be7 8.a3 a5
9.d3 O-O 10.Be3 Be6 11.Rc1 f6 12.Na4 Nxa4 13.Qxa4 Qd7 14.Qb5 Rab8 15.Rfd1 Rfd8
16.Rd2 Bd5 17.Bc5 b6 18.Bxe7 Nxe7 19.Qxd7 Rxd7 20.Rdc2 c5 21.Nd2 Nc6 22.Bh3 Rdd8
23.e3 Kf7 24.Ne4 Bb3 25.Rc3 Be6 26.Bxe6+ Kxe6 27.g4 g6 28.Kf1 h6 29.h3 Ne7
30.Ke2 f5 31.Nd2 Nd5 32.Rc4 Nf6 33.gxf5+ gxf5 34.b4 cxb4 35.axb4 axb4 36.Rxb4 b5
37.Rh4 h5 38.Rb4 Nd5 39.Rb3 b4 40.Rc6+ Rd6 41.Rxd6+ Kxd6 42.Nc4+ Ke6 43.Kf3 Rc8
44.Kg3 e4 45.dxe4 fxe4 46.Nd2 Ke5 47.Rb2 Kf5 48.f3 Nxe3  1/2-1/2

[Event "Tabor Open 2012"]
[Site "Tabor CZE"]
[Date "2012.07.29"]
[Round "1.32"]
[White "Rosenzweig,V"]
[Black "Miesbauer,Jan"]
[Result "1/2-1/2"]
[WhiteElo "2101"]
[BlackElo "1692"]

1.c4 e5 2.g3 Nf6 3.Bg2 Nc6 4.Nc3 Bb4 5.Nd5 Bc5 6.e3 O-O 7.Ne2 d6 8.O-O Bg4
9.d3 Nxd5 10.cxd5 Ne7 11.h3 Bh5 12.g4 Bg6 13.d4 exd4 14.Nxd4 Bxd4 15.Qxd4 f5
16.e4 fxe4 17.Bxe4 Bxe4 18.Qxe4 Ng6 19.f4 Qh4 20.f5 Rae8 21.Qg2 Ne5 22.Bf4 Nd3
23.Rad1 Nxf4 24.Rxf4 Re5 25.Rdf1 Qe7 26.R4f2 Re8 27.f6 gxf6 28.Rxf6 Re2 29.Qf3 Qe3+
30.Qxe3 R8xe3 31.R1f5 Re5 32.Rf8+ Kg7 33.R8f7+ Kg8 34.Rf8+ Kg7 35.R8f7+  1/2-1/2

[Event "ch-AUT 2012"]
[Site "Zwettl AUT"]
[Date "2012.07.29"]
[Round "9.5"]
[White "Srienz,C"]
[Black "Poetz,F"]
[Result "1/2-1/2"]
[WhiteElo "2300"]
[BlackElo "2415"]

1.c4 e5 2.g3 Nf6 3.Bg2 d5 4.cxd5 Nxd5 5.Nf3 Nc6 6.Nc3 Nb6 7.O-O Be7 8.a3 O-O
9.b4 Be6 10.Rb1 f6 11.d3 Nd4 12.Ne1 c6 13.e3 Nf5 14.Nf3 Bf7 15.Qc2 Qc7 16.Rd1 Rfd8
17.Bb2 Bf8 18.Rbc1 Nd6 19.a4 a6 20.Nd2 Bh5 21.Nf3 Qf7 22.h3 Qd7 23.Kh2 Bg6
24.e4 Bf7 25.a5 Nbc8 26.Na4 Nb5 27.Nc5 Bxc5 28.bxc5 Qc7 29.Qa4 Nca7 30.d4 exd4
31.Nxd4 Nxd4 32.Bxd4 Rd7 33.Be3 Rad8 34.Bf4 Qc8 35.Bf3 Be6 36.Rxd7 Rxd7 37.Rd1 Nb5
38.Qa1 Bb3 39.Rxd7 Qxd7 40.Be3 Qd3 41.Qb2 Be6 42.Kg2 Qd7 43.g4 h6 44.Qb4 Qd3
45.Qb2 Qd7 46.Be2 Qd8 47.Qb4 Kh8 48.f3 Qd7 49.h4 Kg8 50.h5 Bf7 51.Qd2 Qxd2
52.Bxd2 Nd4 53.Bd3 Bb3 54.Kf2 Ne6 55.Be3 Kf7 56.Ke2  1/2-1/2

[Event "ch-AUT 2012"]
[Site "Zwettl AUT"]
[Date "2012.07.29"]
[Round "9.20"]
[White "Wagner,Stef AUT"]
[Black "Spiesberger,G"]
[Result "1-0"]
[WhiteElo "2208"]
[BlackElo "2130"]

1.c4 e5 2.g3 Nf6 3.Bg2 Nc6 4.Nc3 Bb4 5.Nd5 Bc5 6.e3 O-O 7.Ne2 d6 8.O-O Bg4
9.h3 Bh5 10.d3 Ne8 11.g4 Bg6 12.Ng3 f5 13.gxf5 Bxf5 14.Nxf5 Rxf5 15.Kh2 Qh4
16.Qg4 Qxg4 17.hxg4 Rf8 18.f4 Bb6 19.b4 Nf6 20.b5 Nd8 21.g5 Nxd5 22.Bxd5+ Kh8
23.a4 c6 24.Be4 Rc8 25.Kg2 Ne6 26.a5 Bc5 27.a6 bxa6 28.bxc6 Bb6 29.Bd5 Nc5
30.Ba3 exf4 31.exf4 Rce8 32.d4 Nb3 33.Bxd6 Bxd4 34.Bxf8 Bxa1 35.Bd6 Bd4 36.c7 Bb6
37.Re1  1-0